Men of blood

Bibliographic Details
Main Author: Kruger, Wolf
Format: Book
Published: London : W.H. Allen , 1984
Subjects:

MARC

LEADER 00000cam a2200000 7i4500
001 0000000029
002 000000038
005 20081223.0
020 |a 0352316047 
090 0 0 |a F   |b KRU 
100 1 |a Kruger, Wolf 
245 1 0 |a Men of blood   |c Wolf Kruger 
260 |a London :   |b W.H. Allen ,   |c 1984 
300 |a 160 p. 
650 0 0 |a War   |x Military art and science 
740 0 |a Men of blood 
999 |a 028360   |b BUKU   |c PINJAMAN   |e PERPUSTAKAAN KOMUNITI PETALING JAYA